MARC details
| 000 -CABECERA |
| campo de control de longitud fija |
02738nam a2200409 a 4500 |
| 003 - IDENTIFICADOR DEL NÚMERO DE CONTROL |
| campo de control |
CHAP |
| 005 - FECHA Y HORA DE LA ÚLTIMA TRANSACCIÓN |
| campo de control |
20230421181337.0 |
| 007 - CAMPO FIJO DE DESCRIPCIÓN FÍSICA--INFORMACIÓN GENERAL |
| campo de control de longitud fija |
ta |
| 008 - DATOS DE LONGITUD FIJA--INFORMACIÓN GENERAL |
| campo de control de longitud fija |
230421s2019 sp adbofr|||| 001 0 spa d |
| 020 ## - NÚMERO INTERNACIONAL ESTÁNDAR DEL LIBRO |
| Número Internacional Estándar del Libro |
978-84-85699-41-4 |
| 020 ## - NÚMERO INTERNACIONAL ESTÁNDAR DEL LIBRO |
| Número Internacional Estándar del Libro |
978-84-17526-58-0 |
| 040 ## - FUENTE DE LA CATALOGACIÓN |
| Centro catalogador/agencia de origen |
mxchpua |
| Centro/agencia transcriptor |
CHAP |
| Normas de descripción |
rda |
| 050 10 - SIGNATURA TOPOGRÁFICA DE LA BIBLIOTECA DEL CONGRESO |
| Número de clasificación |
HG4026 |
| Número de documento/Ítem |
.D53 2019 |
| 082 00 - NÚMERO DE LA CLASIFICACIÓN DECIMAL DEWEY |
| Número de clasificación |
658.155 |
| Número de documento/Ítem |
D53 2019 |
| Número de edición |
20 |
| 245 10 - MENCIÓN DE TÍTULO |
| Título |
Diagnóstico empresarial / |
| Mención de responsabilidad, etc. |
Alicia Blanco González...[y otros] ; coordinadores Miguel Prado Román y Miguel Ángel Sánchez de Lara |
| 250 ## - MENCIÓN DE EDICIÓN |
| Mención de edición |
1a edición |
| 264 ## - PRODUCCIÓN, PUBLICACIÓN, DISTRIBUCIÓN, FABRICACIÓN Y COPYRIGHT |
| Producción, publicación, distribución, fabricación y copyright |
España : |
| Nombre del de productor, editor, distribuidor, fabricante |
DELTA, |
| Fecha de producción, publicación, distribución, fabricación o copyright |
2019 |
| 300 ## - DESCRIPCIÓN FÍSICA |
| Extensión |
xvi, 184 páginas : |
| Otras características físicas |
ilustraciones, gráficas, tablas, mapas y fotos |
| 336 ## - TIPO DE CONTENIDO |
| Fuente |
rdacontent |
| Término de tipo de contenido |
texto |
| Código de tipo de contenido |
txt |
| 337 ## - TIPO DE MEDIO |
| Fuente |
rdamedia |
| Nombre/término del tipo de medio |
sin medio |
| Código del tipo de medio |
n |
| 338 ## - TIPO DE SOPORTE |
| Fuente |
rdacarrier |
| Nombre/término del tipo de soporte |
volumen |
| Código del tipo de soporte |
nc |
| 504 ## - NOTA DE BIBLIOGRAFÍA, ETC. |
| Nota de bibliografía, etc. |
Incluye bibliografías |
| 505 0# - NOTA DE CONTENIDO CON FORMATO |
| Nota de contenido con formato |
Estructura de las cuentas anuales --<br/>Medidas para diagnosticar la situación económica-financiera de la empresa --<br/>Factores relevantes dentro del diagnóstico del entorno empresarial --<br/>Diagnóstico del impacto de los costes de personal en las cuentas de la empresa -- <br/>Diagnóstico de la actividad empresarial --<br/>Diagnóstico de la situación financiera de la empresa --<br/>Casos prácticos |
| 520 2# - SUMARIO, ETC. |
| Sumario, etc. |
En un mercado tan competitivo como el actual, las empresas tienen que estar constantemente desarrollando productos nuevos, servicios revolucionarios que les permitan diferenciarse de la competencia. Pero, para diferenciarse de la competencia también es importante mantener los costes bajos, ya que si no los clientes adquirirían los productos de estos que son más baratos. Además, hay que tener en cuenta que toda actividad empresarial se desarrolla en un entorno cambiante, donde las percepciones de los clientes pueden cambiar en cualquier instante.<br/><br/>Debido a ello, se puede comprender por qué la actividad empresarial es un proceso tan difícil de gestionar. Esta obra pretende ofrecer al lector las herramientas fundamentales que le permitan diagnosticar los principales puntos fuertes y débiles de la empresa, así como numerosas estrategias que le ayuden a corregir las posibles deficiencias de la misma |
| 650 13 - PUNTO DE ACCESO ADICIONAL DE MATERIA--TÉRMINO DE MATERIA |
| 9 (RLIN) |
186754 |
| Término de materia o nombre geográfico como elemento de entrada |
Gestión de recursos |
| 650 13 - PUNTO DE ACCESO ADICIONAL DE MATERIA--TÉRMINO DE MATERIA |
| 9 (RLIN) |
148852 |
| Término de materia o nombre geográfico como elemento de entrada |
Gestión administrativa |
| 650 13 - PUNTO DE ACCESO ADICIONAL DE MATERIA--TÉRMINO DE MATERIA |
| 9 (RLIN) |
186494 |
| Término de materia o nombre geográfico como elemento de entrada |
Planificación financiera |
| 650 13 - PUNTO DE ACCESO ADICIONAL DE MATERIA--TÉRMINO DE MATERIA |
| 9 (RLIN) |
127770 |
| Término de materia o nombre geográfico como elemento de entrada |
Economía financiera |
| 650 13 - PUNTO DE ACCESO ADICIONAL DE MATERIA--TÉRMINO DE MATERIA |
| 9 (RLIN) |
186755 |
| Término de materia o nombre geográfico como elemento de entrada |
Resource management |
| 650 13 - PUNTO DE ACCESO ADICIONAL DE MATERIA--TÉRMINO DE MATERIA |
| 9 (RLIN) |
148850 |
| Término de materia o nombre geográfico como elemento de entrada |
Administrative management |
| 650 13 - PUNTO DE ACCESO ADICIONAL DE MATERIA--TÉRMINO DE MATERIA |
| 9 (RLIN) |
186496 |
| Término de materia o nombre geográfico como elemento de entrada |
Financial planning |
| 650 13 - PUNTO DE ACCESO ADICIONAL DE MATERIA--TÉRMINO DE MATERIA |
| 9 (RLIN) |
186756 |
| Término de materia o nombre geográfico como elemento de entrada |
Financial economics |
| 700 1# - PUNTO DE ACCESO ADICIONAL--NOMBRE DE PERSONA |
| 9 (RLIN) |
186757 |
| Nombre de persona |
Blanco González, Alicia |
| Término indicativo de función/relación |
autora |
| 700 1# - PUNTO DE ACCESO ADICIONAL--NOMBRE DE PERSONA |
| 9 (RLIN) |
186758 |
| Nombre de persona |
Prado Román, Miguel |
| Término indicativo de función/relación |
coordinador |
| 700 1# - PUNTO DE ACCESO ADICIONAL--NOMBRE DE PERSONA |
| 9 (RLIN) |
186759 |
| Nombre de persona |
Sánchez de Lara, Miguel Ángel |
| Término indicativo de función/relación |
coordinador |
| 942 ## - ELEMENTOS DE PUNTO DE ACCESO ADICIONAL (KOHA) |
| Fuente del sistema de clasificación o colocación |
Dewey Decimal Classification |
| Tipo de ítem Koha |
|